Регионална библиотека "Любен Каравелов" - Русе

Аферата "Олтмън" (Запис номер 111361)

MARC детайли
000 -Лидер
Контролно поле с фиксирана дължина 01247nam a2200325 c 4500
003 - Код на организацията, давaща контролен номер
Контролно поле BLK
005 - Дата и час на последна редакция
Контролно поле 20240126153044.0
008 - Елементи от данни с фиксирана дължина
fixed length control field 180409b bul|||||r ||||||| ||bul||
010 ## - Наследен системен номер
LC control number KNG00116701000
020 ## - Международен стандартен номер на книга ISBN
Международен стандартен номер на книга ISBN 954-733-378-Х
-- издат.: Прозорец
040 ## - Източник на каталожния запис
Идентификатор на билиотеката - собственик на записа BLK
041 ## - Код за език
Код за езика на текст/звукозапис или на отделно заглавие Български
Код за езика КДБФ Български
080 ## - УДК
Текстов определител УДК Американска литература (на САЩ)
УДК код - определител по УДК 821.111(73)
УДК определител -312.4
УДК - код + определител 821.111(73)-312.4
100 1# - Редна дума - Автор
Автор Лъдлъм, Робърт
Авторска отговорност първи автор
R(LIN) 241671
139 ## - Редно поле
Редна дума Лъдлъм, Робърт
Авторски знак Лъв - Л 93
245 10 - Сведения за заглавието
Заглавие Аферата "Олтмън"
Подзаглавни данни Роман
Редно поле (дума) Робърт Лъдлъм; прев. Светлозар Борисов Николов.
257 ## - Страна на издаване
Страна на създаване/издаване Съединени американски щати
260 ## - Област на издателските данни
-- София
Име на издателя, разпространителя и проч. Прозорец
Година на издаване 2004
Печатница София : Инвестпрес
300 ## - Физическа характеристика
Страници 528 с.
Размери/Мащаб 20 см
380 ## - Жанр
Жанр Худож. лит.
490 1# - СЕРИИ (Колекции)
Име на серия Колекция Робърт Лъдлъм
500 ## - Общи забележки
Забележка Ориг. загл. The Altman code / Robert Ludlum
700 1# - Други автори (авторска отговорност)
Лично име Николов, Светлозар Борисов
Автороска отговорност (Описва отношението между автора и произведението) прев.
9 (RLIN) 364103
852 ## - Местоположение
Форматна сигнатура Цб 222050
856 4# - Електронен адрес и достъп
Електронен формат pdf - файл
Път до файла /url/
856 4# - Електронен адрес и достъп
Електронен формат pdf - файл
Път до файла /url/
942 ## - АРТИКУЛИ
Вид на библиотечния материал Книги
Скрит в OPAC Не
Koha issues (borrowed), all copies 15
944 ## - СЪЗДАВАНЕ И РЕДАКЦИЯ на ЗАПИСА
Създаване/Редакция Създаване
Дата на регистрацията/редакция 22.12.2004
Служител, извършил регистрацията/редакцията 30576
Статус, дата на статуса Цветомила Тодорова
944 ## - СЪЗДАВАНЕ И РЕДАКЦИЯ на ЗАПИСА
Създаване/Редакция Редакция
Дата на регистрацията/редакция 03.07.2007
Служител, извършил регистрацията/редакцията
999 ## - СИСТЕМНИ КОНТРОЛНИ НОМЕРА
Koha biblionumber 111361
Koha biblioitemnumber 111361
Наличности
Код за отписване Код за изгубен артикул Източник на класификационната схема Код за повреда Коз за рестрикции Код за отдаване Артикулен № Име на библиотеката - собственик Име на библиотеката, в която се намира в момента Статус (Текущо местоположение) Дата на вписване в системата Местоположение - отдел Цена в лева Инвентарен номер Систематично азбучна сигнатура Баркод Номер на екземпляра Цена в евро Служебна бележка Служебен тип на артикула
  Не е изгубен Universal Decimal Classification Не е повреден без рестрикции заемане за дома 178778 Регионална библиотека "Любен Каравелов" Русе Регионална библиотека "Любен Каравелов" Русе Заемна - подръчен фонд 2004-12-22 Заемна - подръчен фонд 12.00 120000690772 П 821-31/Л 93 120000690772 1 6.14 Дост: Pk Вид: Ф N: 33 Дата: 17.12.2004 Дата инв: 13.02.2018 Бележки инв: П2018 Книги
  Не е изгубен   Не е повреден без рестрикции ползва се в читалня 178779 Регионална библиотека "Любен Каравелов" Русе Регионална библиотека "Любен Каравелов" Русе Хранилище 2005-10-17 Хранилище 12.00 120000697314 Цб 222050 120000697314 2 6.14 Дост: Dp Вид: Д N: 42 Дата: 29.09.2004 Книги
Vip Innovations Ltd, Rousse, Bulgaria 2025